Kassán kevés a földhivatalnok a belterületeken tisztázottak voltak a tulajdonjogok, a város körül pedig legelők, szántóföldek terültek el

Bibliographic Details
Main Author: Juhász, Katalin, 1969- (Author)
Format: Article
Language:Hungarian
Slovak
Subjects:

MARC

LEADER 00000nab a2200000 a 4500
001 vtls001520889
003 SK-MaSNL
005 20260319070528.0
008 050322c20050302xo drzp 0 0hun
015 |a RVGKPD2005/ 
038 |a RVGKPD 
040 |a RVGKPD  |b slo  |c RVGKPD  |e AACR2 
041 0 |a slo 
044 |a xo  |c SK 
080 |a 341.384  |2 UDC-MRF-SK2 
080 |a 332.21  |2 UDC-MRF-SK2 
100 1 |a Juhász, Katalin,  |d 1969-  |4 aut  |9 102317 
245 1 0 |a Kassán kevés a földhivatalnok  |b a belterületeken tisztázottak voltak a tulajdonjogok, a város körül pedig legelők, szántóföldek terültek el  |c Katalin Juhász 
610 2 7 |a Pozemkový úrad (Košice, Slovensko)  |2 rvgkpd  |9 31037 
650 0 7 |a pozemkové vlastníctvo  |2 rvgkpd  |9 69378 
650 0 7 |a majetkové reštitúcie   |2 rvgkpd  |9 1608 
651 7 |a Košice (Slovensko)  |2 rvgkpd  |9 18694 
773 0 |t Új Szó  |g Évf. 58, sz. 50 (02.03.2005) 
773 0 |i [Príl.]  |t Szülőföldünk  |g Évf. 2, sz. 9 (02.03.2005), o. 26 
852 |a RVGKPD  |b KIS3GCP 
992 |a RBX 
999 |c 1772621  |d 1774551